00327nam a2200133Ia 4500008004000000020001800040082001300058100002300071245003100094250000500125260002600130300001200156650002500168210210b1974 xxu||||| |||| 00| 0 eng d a0 7216 1562 7 a592 BARI aBARNES (Robert D). aInvertebrate zoology. Ed.3 a abNot Mentionedc1974 axii,870 aInvertebrate zoology